000 00494nam a2200157 i 4500
001 87861
003 ES-MaACL
005 20230906175744.0
007 t|
008 041223s1951 sp ||||1| spa d
100 1 _aLacasa Lacasa, Juan.
_969339
245 1 0 _aHacia los seguros sociales en el campo por las mutualidades y cotos de previsión
_b: conferencia /
_cpor Juan Lacasa Lacasa.
260 _aJaca :
_bAbad,
_c1951.
300 _a18 p. ;
_c21 cm.
852 _aES-MaACL
_j1931-F-5
_bR.31390
999 _c87861
_d87861